000
00309nam a2200145Ia 4500
100
_a
Arthur L.J./ Burns T
942
_c
BK
654
_a
unix
245
_a
Unix Shell Programming
260
_b
John Wiley
_a
New York
_c
1994
082
_a
005.13 'U'
300
_a
462
546
_a
ENGLISH
999
_c
24013
_d
24013